000 00698nam a22002177a 4500
999 _c6197
_d6197
003 GBCCL
005 20241126110558.0
008 180503b ||||| |||| 00| 0 eng d
020 _a0830721290
040 _cgbc
082 _a248.844
_bPOW
100 _aPowers, Marie
_94434
245 _aShame:
_bThief of intimacy; Unmasking the accuser /
_cMarie Powers
260 _aEdmonds:
_bAglow International,
_c1998
300 _a91 p.;
_c23 cm.
440 _aAglow Bible Study
_911137
650 _aIntimacy (Psychology)
_vReligious aspects
_xChristianity
_911138
650 _aMarriage
_vReligious aspects
_xChristianity
_97239
650 _aMan
_vWoman Relationship
_xChristianity
_911139
942 _2ddc
_cBK